00277nam a22001097a 4500082001200000100002100012245002100033250002800054260003000082300000800112650004700120 a190 SPE aSpencer, Herbert aFirst Principles asixth and final edition aLondonbWatts & Co.c1937 a550 aPhilosophy-WesternaSociology and religion